Inflation report - october/2005 Czech National Bank

Saved in:
Bibliographic Details
Format: Book
Language:English
Published: Praha Czech National Bank 2005
Subjects:
Tags: Add Tag
No Tags, Be the first to tag this record!

MARC

LEADER 00000nam$a2200000$$$4500
001 0038250
005 20221129082701.0
041 0 |a eng 
044 |a CZ 
245 1 0 |a Inflation report - october/2005  |b Czech National Bank 
264 1 |a Praha  |b Czech National Bank  |c 2005 
300 |a 68 s. 
610 2 0 |a banky 
610 2 0 |a bankovníctvo 
610 2 0 |a inflácia 
610 2 0 |a vývoj 
610 2 0 |a sadzby úrokové 
610 2 0 |a kurz devízový 
610 2 0 |a bilancia platobná 
610 2 0 |a účty 
610 2 0 |a peniaze 
610 2 0 |a úver 
610 2 0 |a dopyt 
610 2 0 |a ponuka 
610 2 0 |a trh práce 
610 2 0 |a ceny dovozné 
610 2 0 |a makroekonomika 
610 2 0 |a prognózy 
610 2 0 |a tabuľky štatistické 
610 2 0 |a Česko 
610 2 0 |a ČNB Praha 
610 2 0 |a október 
610 2 0 |a 2005